Indian medicinal plants. Volume III, Plate /

Dades bibliogràfiques
Autor principal: Kirtikar, Kanhoba Ranchoddas, 1849-1917
Altres autors: Basu, Baman Das, 1867-1930
Format: Llibre
Idioma:English
Publicat: Dehra Dun, India : International Book Distributors, 2008.
Matèries:
Classic Catalogue: View this record in Classic Catalogue
LEADER 01636nam a2200277 a 4500
003 BD-DhAAL
008 100517s2008 ii af 000 0 eng d
020 |a 8170890551 
040 |a DLC  |c DLC  |d DLC  |d BD-DhAAL 
082 0 0 |a 581.6/34/0954  |2 22 
100 1 |a Kirtikar, Kanhoba Ranchoddas,  |d 1849-1917.  |9 58772 
245 1 0 |a Indian medicinal plants.  |n Volume III,  |p Plate /  |c by K. R. Kirtikar. 
260 |a Dehra Dun, India :  |b International Book Distributors,  |c 2008. 
300 |a 515-779 pages :  |b ill., plates ;  |c 28 cm. 
362 0 |a Vol. 3 
505 0 |a v. 1-4. Text.--[5] Plates. 4 pts. Edited by B. D. Basu. 
526 |x Mustak Ibn Ayub Department of Mathematics and Natural Sciences Course name and no. "not available" 
541 1 |a Parash Publishers  |e 00019036 
650 0 |a Medicinal plants  |z India.  |9 58773 
650 0 |a Materia medica, Vegetable  |z India.  |9 58774 
700 1 |a Basu, Baman Das,  |d 1867-1930.  |9 58775 
852 4 |a Ayesha Abed Library  |j General Shelf 
942 |2 ddc  |c BK 
999 |c 8615  |d 8615 
952 |0 0  |1 0  |2 ddc  |4 0  |6 581_634095400000000_KIR_2008  |7 0  |9 10273  |a BRACUL  |b BRACUL  |c GEN  |d 2010-05-17  |e Parash Publishers  |g 3750.00  |l 0  |o 581.6340954 KIR  |p 3010019036  |r 2010-05-17  |t 1  |v 7500.00  |w 2010-05-17  |y BK  |x Requisitioned by Mustak Ibn Ayub, Department of Mathematics and Natural Sciences, Course name and no. "not available" 
952 |0 0  |1 0  |2 ddc  |4 0  |6 581_634095400000000_KIR_2008  |7 0  |9 10274  |a BRACUL  |b BRACUL  |c GEN  |d 2010-05-17  |e Parash Publishers  |g 3750.00  |l 0  |o 581.6340954 KIR  |p 3010019037  |r 2010-05-17  |t 2  |v 7500.00  |w 2010-05-17  |y BK  |x Requisitioned by Mustak Ibn Ayub, Department of Mathematics and Natural Sciences, Course name and no. "not available"